| 000 | 00408nam a2200133Ia 4500 | ||
|---|---|---|---|
| 005 | 20260328101519.0 | ||
| 008 | 260328s9999||||xx |||||||||||||| ||und|| | ||
| 100 | _aConsuegra, David | ||
| 245 | 0 |
_aABC en el Diseño de marcas : _b Selección por orden alfabético de las mejores marcas en el Mundo / _cDavid Consuegra |
|
| 260 | _bDavid Consuegra | ||
| 300 | _a24 p. | ||
| 650 | _aDISEÑO GRÁFICO | ||
| 942 | _cBK | ||
| 999 |
_c9501 _d9501 |
||